000 00512cam a2200205 4500
008 090401t1991 xxu||||| |||| 00| 0 eng d
020 _a0632027177
035 _a(Sirsi) u68174
041 _aeng
050 _a693.834
100 _aMcMullan, Randall
245 _aNoise control in buildings
260 _aOxford
_bBSP Professional Books
_c1991
300 _aviii,147p. : ill. ; 24cm.
350 _a10.95
650 _aNOISE CONTROL
650 _aSOUND INSULATION
942 _n0
948 _c04/03/1997
999 _c95079
_d95079